[Event "Petrolina Cordioli Memorial op"]
[Site "Petrolina"]
[Date "2008.10.11"]
[Round "5.29"]
[White "Ferreira, Joemerson Damacena"]
[Black "Dias Filho, Everaldo Liborio"]
[Result "1-0"]
[WhiteElo "1884"]
[BlackElo "1714"]
[PlyCount "35"]
[EventDate "2008.10.09"]
[EventType "swiss"]
[EventRounds "7"]
[EventCountry "BRA"]
[SourceTitle "EXT 2022"]
[Source "ChessBase"]
[SourceDate "2021.10.06"]
[SourceVersion "1"]
[SourceVersionDate "2021.10.06"]
[SourceQuality "1"]

1. e4 e5 2. Nf3 Nc6 3. Bc4 Nf6 4. Nc3 Bb4 5. d3 0-0 6. Bd2 Nd4 7. a3 Nxf3+ 8. Qxf3 Bxc3 9. bxc3 d6 10. Qg3 h6 11. 0-0 a6 12. f4 Re8 13. f5 b5 14. Bb3 c5 15. Bxh6 Nh5 16. Qg4 Kf8 17. Qxh5 gxh6 18. Qxf7# 1-0

[Event "Petrolina Cordioli Memorial op"]
[Site "Petrolina"]
[Date "2008.10.09"]
[Round "1.29"]
[White "Dias Filho, Everaldo Liborio"]
[Black "Lima, Roberto Ferreira Jr"]
[Result "0-1"]
[WhiteElo "1714"]
[BlackElo "2094"]
[PlyCount "36"]
[EventDate "2008.10.09"]
[EventType "swiss"]
[EventRounds "7"]
[EventCountry "BRA"]
[SourceTitle "EXT 2022"]
[Source "ChessBase"]
[SourceDate "2021.10.06"]
[SourceVersion "1"]
[SourceVersionDate "2021.10.06"]
[SourceQuality "1"]

1. d4 Nf6 2. e3 d5 3. c4 e6 4. Nf3 c5 5. Nbd2 Nc6 6. Bd3 Bd6 7. 0-0 0-0 8. Qe2 e5 9. Ng5 e4 10. Bc2 cxd4 11. exd4 Nxd4 12. Qd1 h6 13. Ngxe4 dxe4 14. b3 Nxc2 15. Qxc2 Bxh2+ 16. Kxh2 Ng4+ 17. Kg1 Qh4 18. f3 Qh2# 0-1

[Event "Petrolina Cordioli Memorial op"]
[Site "Petrolina"]
[Date "2007.10.18"]
[Round "1"]
[White "Guimaraes, Diogo Duarte"]
[Black "Dias Filho, Everaldo Liborio"]
[Result "1-0"]
[WhiteElo "2093"]
[BlackElo "1736"]
[PlyCount "45"]
[EventDate "2007.10.09"]
[EventType "swiss"]
[EventRounds "7"]
[EventCountry "BRA"]
[SourceTitle "EXT 2022"]
[Source "ChessBase"]
[SourceDate "2021.10.06"]
[SourceVersion "1"]
[SourceVersionDate "2021.10.06"]
[SourceQuality "1"]

1. e4 d6 2. d4 Nf6 3. Nc3 Be6 4. Nf3 Na6 5. Be2 c6 6. 0-0 Bg4 7. Bf4 Bxf3 8. Bxf3 g6 9. Qe2 b5 10. e5 dxe5 11. Bxc6+ Nd7 12. Bxe5 Nb4 13. Bxa8 Qxa8 14. Nxb5 Nxe5 15. Nc7+ Kd8 16. Nxa8 Nec6 17. d5 Nd4 18. Qe5 Nb5 19. Qb8+ Kd7 20. Qxb5+ Kc8 21. Qe8+ Kb7 22. Qd7+ Ka6 23. a4 1-0